[Event "London Classic op U2050 9th"]
[Site "London"]
[Date "2017.12.05"]
[Round "2"]
[White "Saravanan, Aadarsh"]
[Black "McKenna, James F"]
[Result "1-0"]
[WhiteElo "1697"]
[BlackElo "1843"]
[PlyCount "63"]
[EventDate "2017.12.04"]
[EventType "swiss"]
[EventRounds "5"]
[EventCountry "ENG"]
[SourceTitle "CBM 182 Extra"]
[Source "ChessBase"]
[SourceDate "2018.02.23"]
[SourceVersion "1"]
[SourceVersionDate "2018.02.23"]
[SourceQuality "1"]

1. d4 Nf6 2. c4 d6 3. Nc3 Nbd7 4. e4 e5 5. d5 Be7 6. Be3 0-0 7. f3 c6 8. Bd3 Ne8 9. Nge2 cxd5 10. cxd5 Bg5 11. Qd2 Bxe3 12. Qxe3 Nc5 13. Bc2 a5 14. 0-0 Bd7 15. Rac1 Nc7 16. Rfd1 h6 17. a3 a4 18. Kh1 Nb5 19. Nxb5 Bxb5 20. Nc3 Bd7 21. Qe2 Qa5 22. Qc4 Rfc8 23. Qb4 Qxb4 24. axb4 Nb3 25. Bxb3 axb3 26. Ra1 Kf8 27. Kg1 Ke7 28. Kf2 Kd8 29. Ke3 Rxa1 30. Rxa1 Kc7 31. Ra3 Kb6 32. b5 1-0

[Event "BCF-ch U14"]
[Site "Llandudno"]
[Date "2017.08.02"]
[Round "4"]
[White "Saravanan, Aadarsh"]
[Black "Phillips, David"]
[Result "1/2-1/2"]
[WhiteElo "1630"]
[BlackElo "1828"]
[PlyCount "37"]
[EventDate "2017.07.30"]
[EventType "swiss"]
[EventRounds "7"]
[EventCountry "WLS"]
[SourceTitle "CBM 179 Extra"]
[Source "ChessBase"]
[SourceDate "2017.08.23"]
[SourceVersion "1"]
[SourceVersionDate "2017.08.23"]
[SourceQuality "1"]

1. d4 Nc6 2. c4 e5 3. e3 exd4 4. exd4 d5 5. c5 Nf6 6. Nf3 Bf5 7. Bb5 Be7 8. 0-0 0-0 9. Nc3 Nb8 10. Bf4 c6 11. Bd3 Bg4 12. h3 Bh5 13. Re1 Nbd7 14. b4 b5 15. a4 a6 16. Be2 Re8 17. Ne5 Bxe2 18. Qxe2 Nxe5 19. Bxe5 1/2-1/2

[Event "London Classic op U2050-A 8th"]
[Site "London"]
[Date "2016.12.11"]
[Round "5"]
[White "Saravanan, Aadarsh"]
[Black "Nayak, Raghav"]
[Result "0-1"]
[WhiteElo "1584"]
[BlackElo "1729"]
[PlyCount "80"]
[EventDate "2016.12.09"]
[EventType "swiss"]
[EventRounds "5"]
[EventCountry "ENG"]
[SourceTitle "EXT 2019"]
[Source "ChessBase"]
[SourceDate "2018.10.10"]
[SourceVersion "1"]
[SourceVersionDate "2018.10.10"]
[SourceQuality "1"]

1. d4 Nf6 2. c4 g6 3. Nc3 Bg7 4. e4 d6 5. f3 0-0 6. Be3 Nbd7 7. Bd3 c5 8. d5 Qa5 9. Nge2 a6 10. 0-0 Rb8 11. a4 Ne5 12. Qd2 Bd7 13. f4 Neg4 14. h3 Nxe3 15. Qxe3 Qd8 16. g4 Ne8 17. f5 Nc7 18. a5 b5 19. axb6 Rxb6 20. Rab1 Qb8 21. Qd2 Qb7 22. g5 Rb8 23. f6 exf6 24. gxf6 Bf8 25. Nd1 Bxh3 26. Rf3 Qc8 27. Kh2 Bg4 28. Rg3 Ne8 29. Qg5 Bxe2 30. Bxe2 Qd8 31. Rf3 Rb3 32. Rf2 Bg7 33. Qf4 Bxf6 34. Kh1 R8b7 35. Bg4 Be5 36. Qh6 Bg7 37. Qf4 Qh4+ 38. Rh2 Qe1+ 39. Kg2 Be5 40. Nc3 Qxb1 0-1

[Event "BCF-ch Week1 PM op"]
[Site "Bournemouth"]
[Date "2016.07.27"]
[Round "3"]
[White "Saravanan, Aadarsh"]
[Black "Baweja, Adiveer"]
[Result "1-0"]
[WhiteElo "1605"]
[BlackElo "962"]
[PlyCount "127"]
[EventDate "2016.07.25"]
[EventType "swiss"]
[EventRounds "5"]
[EventCountry "ENG"]
[SourceTitle "CBM 173 Extra"]
[Source "ChessBase"]
[SourceDate "2016.08.29"]
[SourceVersion "1"]
[SourceVersionDate "2016.08.29"]
[SourceQuality "1"]

1. d4 d5 2. c4 e6 3. Nc3 Nf6 4. cxd5 exd5 5. Bg5 Be7 6. Qc2 c6 7. e3 Nbd7 8. Nf3 0-0 9. Bd3 Qc7 10. 0-0 Re8 11. Rfc1 g6 12. a3 a6 13. b4 b5 14. Nb1 Bb7 15. Nbd2 Rac8 16. Nb3 Kg7 17. Bf4 Bd6 18. Bxd6 Qxd6 19. Na5 Qc7 20. a4 bxa4 21. Qxa4 Nb6 22. Qc2 Nbd7 23. Nxb7 Qxb7 24. Bxa6 Qxb4 25. Bxc8 Rxc8 26. Rcb1 Qd6 27. h3 Rc7 28. Rc1 Ne4 29. Ra6 Nb8 30. Rb6 Nd7 31. Rxc6 Rxc6 32. Qxc6 Qxc6 33. Rxc6 Nb8 34. Rc8 Nd7 35. Rc7 Ndf6 36. Ne5 Nd6 37. Nd7 Nfe8 38. Rc5 Nf6 39. Nxf6 Kxf6 40. Rxd5 Ke6 41. Rxd6+ Kxd6 42. Kf1 Kd5 43. Ke2 f5 44. Kd3 h5 45. f3 g5 46. e4+ fxe4+ 47. fxe4+ Kd6 48. Kc4 Kc6 49. d5+ Kd6 50. e5+ Kxe5 51. Kc5 Kf6 52. Kc6 Ke7 53. Kc7 Ke8 54. d6 h4 55. d7+ Ke7 56. d8Q+ Kf7 57. Qd6 g4 58. Kc6 g3 59. Kd5 Kg7 60. Qe6 Kf8 61. Qd7 Kg8 62. Ke6 Kh8 63. Kf6 Kg8 64. Qg7# 1-0

[Event "BCF-ch U12"]
[Site "Coventry"]
[Date "2015.08.03"]
[Round "3"]
[White "Howell, Oliver W"]
[Black "Saravanan, Aadarsh"]
[Result "1-0"]
[WhiteElo "1467"]
[BlackElo "101"]
[PlyCount "99"]
[EventDate "2015.08.02"]
[EventType "swiss"]
[EventRounds "7"]
[EventCountry "ENG"]
[SourceTitle "CBM 167 Extra"]
[Source "ChessBase"]
[SourceDate "2015.09.14"]
[SourceVersion "1"]
[SourceVersionDate "2015.09.14"]
[SourceQuality "1"]

1. Nf3 Nf6 2. c4 e6 3. g3 d5 4. Bg2 dxc4 5. Qa4+ Nbd7 6. Qxc4 c5 7. 0-0 a6 8. Qb3 b5 9. Nc3 Rb8 10. d3 Bd6 11. Bd2 Bb7 12. Rfc1 0-0 13. Rc2 Ne5 14. Nxe5 Bxe5 15. Bxb7 Rxb7 16. Be3 Bd6 17. Na4 Re8 18. Nxc5 Bxc5 19. Rxc5 Rc7 20. Rxc7 Qxc7 21. Rc1 Qb7 22. Qc3 Nd5 23. Qc6 Qxc6 24. Rxc6 Nxe3 25. fxe3 Ra8 26. Kf2 Kf8 27. e4 Ke8 28. Rc7 Rd8 29. Ke3 Rd7 30. Rxd7 Kxd7 31. d4 Kc6 32. Kd3 g6 33. e5 a5 34. b3 Kd5 35. a4 Kc6 36. axb5+ Kxb5 37. Kc3 a4 38. bxa4+ Kxa4 39. Kc4 Ka5 40. e4 Kb6 41. d5 exd5+ 42. exd5 Kc7 43. Kc5 Kd7 44. d6 Kd8 45. Kc6 Kc8 46. d7+ Kd8 47. Kd6 h6 48. e6 fxe6 49. Kxe6 g5 50. g4 1-0